marguerite - Paroles les filles, les meufs - Statistiques

Statistiques générales
  • Ce quiz a été pris 407 fois
    405 depuis la dernière actualisation
  • Le résultat moyen est 329 sur 385
Statistiques - réponses
Hint Réponse % Correct
(hmm)
100%
m'
100%
s'
100%
a
99%
à
99%
d'
99%
Couplet 1 J'
99%
j'
99%
me
99%
l'
98%
le
98%
les
98%
de
97%
(de
97%
filles,
97%
filles
97%
qu'
97%
des
96%
meufs
96%
ai
95%
préfère
95%
Couplet 2 Eh
94%
eh
94%
femmes,
94%
je
94%
Je
94%
dans
93%
ma
93%
la
92%
moi
92%
Moi
92%
que
92%
Que
92%
se
92%
sens
92%
aime
91%
et
91%
Et
91%
teuf
91%
aussi
90%
aussi)
90%
(ooh)
90%
quand
90%
un
90%
plus
89%
y'
89%
y
89%
ami
88%
C'
88%
c'
88%
Refrain Mais
88%
mais
88%
(mais
88%
mec,
88%
qui
87%
Qui
87%
père
86%
frères
85%
mon
85%
vrai,
85%
vrai
85%
depuis
83%
dit
83%
mieux
83%
tranquille
83%
pecs
82%
vie,
82%
adore
80%
est
80%
fort
78%
parle
78%
eu
76%
ils
76%
Ils
76%
bars
73%
fait
73%
leur
72%
su
71%
on
70%
kéké
69%
miroir
69%
pleurer
69%
pleurer,
69%
pleurer)
69%
jamais
68%
font
67%
amoureux
66%
Leurs
66%
leurs
66%
pas
66%
toujours
65%
devant
64%
garder
64%
si
64%
marrer
63%
petit
63%
grandes
62%
idées
62%
jambes
62%
comme
61%
écartées
61%
avait
59%
deux
58%
elles
58%
p'tites
58%
sur
58%
bagarrer
57%
(bagarrer,
57%
bagarrer)
57%
empêchent
57%
pour
57%
argent,
56%
gars
56%
jour
56%
ouais,
56%
parler,
56%
douleurs,
55%
peine
55%
quittés
55%
saigne
55%
trop
55%
écoutaient
54%
entendaient
54%
sera
54%
cœur
53%
fera
53%
premier
53%
prêts
53%
remarqués
53%
avais
52%
virilité
52%
saignent
51%
compare
50%
foutue
50%
froncés,
50%
sourcils
50%
avoue,
49%
cette
49%
puis
49%
Désolée
48%
eux
48%
longtemps,
48%
tiendra
48%
compliqué,
47%
doutes
47%
sais
47%
assez
41%
parfois
40%
Aucun quiz correspondant
Distribution des résultats
% des personnes avec chaque résultat
Percentile par nombre de réponses
Votre historique - résultats
Vous n’avez pas pris ce quiz depuis la dernière actualisation